000 00407pab a2200157 454500
008 180718b2015 xxu||||| |||| 00| 0 eng d
100 _aTiwari, Sanjay
245 _aCompetitiveness concerns of higher education in India
260 _c2015
300 _ap.3-8.
362 _a27 Jul
650 _aHigher education - India
650 _aHigher education
773 _aUniversity News
909 _a108550
999 _c108545
_d108545